[Event "It"]
[Site "Miskolc HUN"]
[Date "2004.03.10"]
[Round "1"]
[White "Goloshchapov,A"]
[Black "Varga,Zo"]
[Result "0-1"]
[WhiteElo "2572"]
[BlackElo "2564"]
[EventDate "2004.03.10"]

1. e4 Nf6 2. e5 Nd5 3. Nc3 e6 4. Nxd5 exd5 5. d4 d6 6. Bf4 dxe5 7. dxe5 c5
8. Nf3 Nc6 9. c3 h6 10. Bd3 Be6 11. h3 Be7 12. Qd2 Qb6 13. Rb1 d4 14. a3 g5
15. Bg3 O-O-O 16. O-O c4 17. Be4 dxc3 18. Qxc3 Nd4 19. Nxd4 Rxd4 20. f3
Rd3+ 21. Bf2 Rxc3 22. Bxb6 Rb3 23. Bxa7 b6 24. a4 Rd8 25. a5 bxa5 26. Bf2
Rd2 27. Be1 Rdxb2 28. Rxb2 Rxb2 29. Bxa5 Bc5+ 30. Kh1 Bd4 31. Rd1 Rb5 32.
Rxd4 Rxa5 33. Kg1 Rxe5 34. Kf2 Kc7 35. Rd2 Kb6 36. Ke3 Kc5 37. Ra2 f5 38.
Ra5+ Kd6 39. Ra6+ Ke7 40. Kd4 Rb5 41. Bc2 Rd5+ 42. Kc3 Re5 43. Ra7+ Kf6 44.
Rh7 Kg6 45. Re7 Re2 46. g4 Kf6 47. Rh7 fxg4 48. hxg4 Ke5 49. Rxh6 Re3+ 50.
Kd2 Kd4 51. Bd1 c3+ 52. Kc2 Re1 53. Rf6 Re3 54. Rf8 Bd5 55. Rd8 Kc5 56. Rd7
Kc4 57. Rd8 Bxf3 58. Bxf3 Rxf3 59. Rc8+ Kd4 60. Rg8 Rf2+ 61. Kd1 Kd3 62.
Rd8+ Ke3 63. Rc8 c2+ 64. Kc1 Rg2 65. Rc5 Kf4 66. Rc4+ Kf3 67. Kb2 Kg3 68.
Kc1 Kh3 69. Kb2 Rxg4 0-1

[Event "It"]
[Site "Miskolc HUN"]
[Date "2004.03.10"]
[Round "1"]
[White "Antal,Ge"]
[Black "Portisch,L"]
[Result "0-1"]
[WhiteElo "2498"]
[BlackElo "2573"]
[EventDate "2004.03.10"]

1. e4 c5 2. Nf3 Nc6 3. d4 cxd4 4. Nxd4 Qc7 5. Nc3 e6 6. Be3 a6 7. Bd3 b5 8.
Nxc6 Qxc6 9. e5 Bb4 10. O-O Bxc3 11. bxc3 Bb7 12. Qg4 Ne7 13. a4 h5 14. Qg3
h4 15. Qh3 Qxc3 16. axb5 axb5 17. Rab1 Bc6 18. f4 f5 19. exf6 gxf6 20. Rb3
Qa5 21. Bd4 Rg8 22. Rf2 e5 23. fxe5 fxe5 24. Bc3 Qb6 25. Bf1 Ng6 26. Bd2
Nf4 27. Bxf4 exf4 28. Rb1 O-O-O 29. Qxh4 f3 30. g3 Rh8 31. Qf4 Rxh2 0-1

[Event "It"]
[Site "Miskolc HUN"]
[Date "2004.03.10"]
[Round "1"]
[White "Prusikin,M"]
[Black "Erdos,V"]
[Result "1-0"]
[WhiteElo "2519"]
[BlackElo "2468"]
[EventDate "2004.03.10"]

1. d4 d5 2. c4 c6 3. Nf3 Nf6 4. Nc3 a6 5. e3 b5 6. b3 Bg4 7. Be2 e6 8. O-O
Nbd7 9. h3 Bf5 10. Bd3 Bb4 11. Bb2 Bxd3 12. Qxd3 O-O 13. Rfc1 Qa5 14. Rc2
Rfb8 15. cxd5 cxd5 16. Rac1 Qd8 17. Ne2 Rc8 18. Ne5 Nxe5 19. dxe5 Nd7 20.
f4 Rxc2 21. Qxc2 Bc5 22. Nd4 b4 23. Kh1 Qb6 24. Qe2 a5 25. f5 exf5 26. Nxf5
Qe6 27. Qf3 Bf8 28. Rc7 Nb6 29. Bd4 Nd7 30. Qg4 Rd8 31. Nd6 Nxe5 32. Qxe6
fxe6 33. Nb7 Ra8 34. Bxe5 a4 35. Nc5 a3 36. Nxe6 Re8 37. Rc6 Be7 38. Nxg7
Rf8 39. Kg1 Bh4 40. g3 Bg5 41. Bd4 Rf3 42. Kg2 1-0

[Event "It"]
[Site "Miskolc HUN"]
[Date "2004.03.10"]
[Round "1"]
[White "Gyimesi,Z"]
[Black "Firman,N"]
[Result "1-0"]
[WhiteElo "2553"]
[BlackElo "2526"]
[EventDate "2004.03.10"]

1. d4 Nf6 2. c4 e6 3. Nf3 d5 4. Nc3 c6 5. Bg5 h6 6. Bxf6 Qxf6 7. e3 Nd7 8.
Bd3 dxc4 9. Bxc4 g6 10. O-O Qe7 11. e4 Bg7 12. e5 O-O 13. Qe2 b5 14. Bd3
Bb7 15. Be4 Rab8 16. Rac1 c5 17. Bxb7 Rxb7 18. d5 exd5 19. Nxd5 Qe6 20. Qe4
Rfb8 21. Rfe1 g5 22. b3 g4 23. Nh4 Bxe5 24. Nf5 Kf8 25. Nde7 h5 26. Nc6 Bb2
27. Qxe6 fxe6 28. Rc2 Ra8 29. Rxe6 Bf6 30. Nd6 Rb6 31. Ne4 Re8 32. Rxe8+
Kxe8 33. Nxa7 Bd4 34. Nxb5 Be5 35. a4 Re6 36. g3 h4 37. gxh4 Bf4 38. Re2
Kd8 39. Kg2 Rh6 40. Ng5 Kc8 41. Re4 Rf6 42. Nc3 Rf5 43. Ne6 Bd2 44. Nb5 Rf6
45. Nxc5 Nxc5 46. Rc4 Rf3 47. Rxc5+ Kb8 48. Rc2 Bf4 49. Rc4 Bd2 50. Rc2 Bf4
51. Rc3 1-0

[Event "It"]
[Site "Miskolc HUN"]
[Date "2004.03.11"]
[Round "2"]
[White "Erdos,V"]
[Black "Varga,Zo"]
[Result "0-1"]
[WhiteElo "2468"]
[BlackElo "2564"]
[EventDate "2004.03.10"]

1. d4 d5 2. c4 c6 3. Nf3 Nf6 4. Nc3 dxc4 5. a4 Bf5 6. e3 Na6 7. Bxc4 e6 8.
Qe2 Nb4 9. O-O Be7 10. Ne5 h6 11. e4 Bh7 12. Rd1 O-O 13. Ra3 a5 14. Rb3 Kh8
15. Qf3 Qe8 16. Qh3 Rd8 17. Bf4 Bd6 18. Qf3 Qe7 19. Qe2 Bb8 20. Rd2 Ne8 21.
Be3 Nd6 22. f3 f6 23. Ng4 Nxc4 24. Qxc4 f5 25. Ne5 f4 0-1

[Event "It"]
[Site "Miskolc HUN"]
[Date "2004.03.11"]
[Round "2"]
[White "Balogh,C"]
[Black "Gyimesi,Z"]
[Result "1-0"]
[WhiteElo "2456"]
[BlackElo "2553"]
[EventDate "2004.03.10"]

1. e4 c6 2. d4 d5 3. Nc3 dxe4 4. Nxe4 Bf5 5. Nc5 Qb6 6. g4 Bg6 7. f4 e6 8.
Qe2 Be7 9. h4 h5 10. f5 exf5 11. g5 Nd7 12. Nb3 a5 13. Nf3 a4 14. Nbd2 a3
15. Nc4 Qc7 16. Bg2 Qg3+ 17. Kf1 f6 18. b3 Kf8 19. Rh3 Qc7 20. gxf6 gxf6
21. Qe6 Bf7 22. Qxf5 Nh6 23. Qf4 Qxf4 24. Bxf4 Nf5 25. Rh2 b5 26. Ncd2 Bd6
27. Bxd6+ Nxd6 28. Ne1 Bd5 29. Nd3 Nf5 30. Bh3 Ne3+ 31. Kf2 Ng4+ 32. Bxg4
hxg4 33. Re1 Kf7 34. Kg3 Nf8 35. Nf4 Ng6 36. Nxg6 Kxg6 37. Kxg4 Rad8 38.
Re7 Bf7 39. Rg2 f5+ 40. Kh3+ Kf6 41. Rc7 Rxd4 42. Rxc6+ Ke7 43. Nf3 Rf4 44.
Re2+ Kd8 45. Rd2+ Ke7 46. Re2+ Kd8 47. Rd2+ Ke7 48. Kg3 Rg4+ 49. Kf2 Bh5
50. Rc7+ Ke6 51. Rcd7 f4 52. R2d6+ Kf5 53. Nd4+ 1-0

[Event "It"]
[Site "Miskolc HUN"]
[Date "2004.03.11"]
[Round "2"]
[White "Prusikin,M"]
[Black "Antal,Ge"]
[Result "1/2-1/2"]
[WhiteElo "2519"]
[BlackElo "2498"]
[EventDate "2004.03.10"]

1. d4 Nf6 2. Nf3 g6 3. Bg5 Bg7 4. Nbd2 d5 5. e3 O-O 6. Be2 c5 7. c3 h6 8.
Bf4 Nc6 9. h3 Ne4 10. O-O cxd4 11. exd4 Bf5 12. Re1 g5 13. Bh2 Bg6 14. Qb3
Qd7 15. Rad1 e6 16. Nxe4 Bxe4 17. Ne5 Bxe5 18. Bxe5 Rfc8 19. Bb5 a6 20.
Bxc6 Rxc6 21. f3 Bg6 22. Bf6 Qc7 23. Re5 Rb6 24. Qa3 Qd6 25. Qxd6 Rxd6 26.
g4 Kh7 27. Rd2 Bb1 28. h4 gxh4 29. a3 Kg6 30. Bxh4 Kg7 31. Bg3 Rb6 32. Bf4
Bg6 33. Rh2 Rh8 34. Ree2 h5 35. Rh4 Rh7 36. Rg2 hxg4 37. Be5+ Kf8 38. Rxh7
Bxh7 39. fxg4 Ke7 40. Rf2 Bg6 41. Kh2 Kd7 42. b4 1/2-1/2

[Event "It"]
[Site "Miskolc HUN"]
[Date "2004.03.12"]
[Round "3"]
[White "Antal,Ge"]
[Black "Erdos,V"]
[Result "1/2-1/2"]
[WhiteElo "2498"]
[BlackElo "2468"]
[EventDate "2004.03.10"]

1. e4 e6 2. d4 d5 3. Nc3 dxe4 4. Nxe4 Nd7 5. Bd3 Ngf6 6. Qe2 c5 7. Nxf6+
Nxf6 8. dxc5 Bxc5 9. Bd2 O-O 10. O-O-O Qc7 11. Bc3 Nd5 12. Be5 Qe7 13. Nf3
Nb4 14. h4 f6 15. Bd4 Nxd3+ 16. Qxd3 Bxd4 17. Nxd4 e5 18. Nb5 Be6 19. Qd6
Rf7 20. Rd2 Bd7 21. Qxe7 Rxe7 1/2-1/2

[Event "It"]
[Site "Miskolc HUN"]
[Date "2004.03.12"]
[Round "3"]
[White "Nevednichy,V"]
[Black "Prusikin,M"]
[Result "1/2-1/2"]
[WhiteElo "2548"]
[BlackElo "2519"]
[EventDate "2004.03.10"]

1. e4 c5 2. Nf3 e6 3. d3 Nc6 4. g3 Bd6 5. Bg2 Bc7 6. O-O Nf6 7. Nc3 O-O 8.
d4 cxd4 9. Nxd4 a6 10. h3 h6 11. Be3 d5 12. exd5 exd5 13. Nb3 Re8 14. Qc1
Rxe3 15. fxe3 Bxg3 16. Qd2 Be6 17. Rad1 Be5 18. Nxd5 Nxd5 19. Bxd5 Qg5+ 20.
Qg2 Qxe3+ 21. Kh1 Bxh3 22. Qf3 Qxf3+ 23. Rxf3 Bg4 24. Rxf7 Bxd1 25. Rf1+
Kh8 26. Rxd1 Rd8 27. Nc5 Nb4 28. c4 b6 29. Ne6 Rd6 30. b3 Nxa2 31. Re1 Bf6
32. Nf4 Rd8 33. Re6 Rb8 34. Kg2 Nb4 35. Be4 a5 36. Kf3 Na6 37. Bc2 Nc5 38.
Rc6 Nd7 39. Ng6+ Kg8 40. Bf5 Ne5+ 41. Nxe5 Bxe5 42. Ke4 Bc3 43. Be6+ Kh8
44. Bc8 g6 45. Bh3 Kg7 46. Rc7+ Kf6 47. Rc6+ Kg5 48. Be6 h5 49. Bf7 Bf6 50.
c5 Rb7 51. Be6 bxc5 52. Rxc5+ Kh4 53. Rxa5 Re7 54. Ra6 Bc3 55. Kf3 Bd4 56.
b4 g5 57. Ke4 Bf2 58. Kf3 Bg1 59. b5 g4+ 60. Kg2 Bd4 61. Rd6 Be3 62. b6 Rb7
63. Bd5 Rb8 64. b7 Rf8 65. Re6 Ba7 66. Re2 Rd8 67. Be4 Rd1 68. Rf2 Re1 69.
Bc6 Kg5 70. Rf8 Re2+ 71. Kf1 Rc2 72. Be4 Rc4 73. Bd5 Rf4+ 74. Rxf4 Kxf4 75.
Kg2 h4 76. Be6 h3+ 77. Kh1 Kg3 78. Bxg4 Kxg4 1/2-1/2

[Event "It"]
[Site "Miskolc HUN"]
[Date "2004.03.12"]
[Round "3"]
[White "Gyimesi,Z"]
[Black "Portisch,L"]
[Result "1-0"]
[WhiteElo "2553"]
[BlackElo "2573"]
[EventDate "2004.03.10"]

1. d4 Nf6 2. c4 e6 3. Nf3 d5 4. Nc3 dxc4 5. e4 Bb4 6. Bg5 c5 7. Bxc4 cxd4
8. Nxd4 Qa5 9. Bd2 Qc5 10. Bb5+ Nbd7 11. Nb3 Qb6 12. O-O Bxc3 13. Bxd7+
Bxd7 14. Bxc3 Nxe4 15. Bxg7 Rg8 16. Bd4 Qb5 17. Be3 Nf6 18. f3 Nd5 19. Qd2
Nxe3 20. Qxe3 Bc6 21. Rf2 Qg5 22. Qc3 Rd8 23. Re1 Qf4 24. Nd2 Qd4 25. Qc2
Qd3 26. Qc5 Qd4 27. Qh5 Ke7 28. Ne4 Bxe4 29. fxe4 Rg7 30. g3 Kf8 31. Kg2
Kg8 32. Qf3 Rd7 33. Rc1 Rg6 34. Rcf1 Qe5 35. b3 Kg7 36. Qe3 f5 37. Rf4 Rd4
38. Re1 Rxe4 39. Rxe4 fxe4 40. Qxa7 Qd5 41. Qe3 Rg4 42. h3 Rg5 43. Qxe4 Kf6
44. Re3 Re5 45. Rf3+ Kg7 46. Qxd5 Rxd5 47. Re3 Rd2+ 48. Kf3 Kf6 49. Re2 Rd1
50. Ke4 Rg1 51. Rf2+ Ke7 52. g4 Rg3 53. Rf3 Rg2 54. a4 b6 55. Rd3 Rc2 56.
Rd4 Re2+ 57. Kf3 Rh2 58. Kg3 Rc2 59. Rb4 Rc6 60. Kf4 Kf6 61. Rb5 Rd6 62.
Ke4 Rc6 63. Rh5 Kg6 64. Kd4 h6 65. Re5 Kf6 66. Rb5 Rd6+ 67. Kc4 Rc6+ 68.
Kd3 Rd6+ 69. Ke4 Rc6 70. Rh5 Kg6 71. Kd4 Kg7 72. b4 Kg6 73. a5 bxa5 74.
Rxa5 Rc1 75. Re5 Kf6 76. Rh5 e5+ 77. Kd3 Rd1+ 78. Ke3 Re1+ 79. Kf2 Rb1 80.
Rxh6+ Kg5 81. Rh5+ Kf4 82. Rf5+ Ke4 83. Rf7 Rb2+ 84. Kg3 Rb3+ 85. Kh4 Rxb4
86. g5 Kd3+ 87. Kh5 e4 88. g6 Rb1 89. Rd7+ Ke2 90. g7 Rg1 91. Kh6 e3 92. h4
1-0

[Event "It"]
[Site "Miskolc HUN"]
[Date "2004.03.12"]
[Round "3"]
[White "Goloshchapov,A"]
[Black "Balogh,C"]
[Result "1/2-1/2"]
[WhiteElo "2572"]
[BlackElo "2456"]
[EventDate "2004.03.10"]

1. d4 Nf6 2. c4 e6 3. Nf3 b6 4. a3 Ba6 5. Qc2 c5 6. d5 exd5 7. cxd5 g6 8.
Nc3 Bg7 9. g3 O-O 10. Bg2 d6 11. O-O Re8 12. Re1 Nbd7 13. h3 b5 14. Bf4 Qb6
15. e4 Rac8 16. Bf1 Nb8 17. a4 b4 18. Nb5 b3 19. Qxb3 Nxe4 20. Qc2 f5 21.
Ng5 Nxg5 22. Bxg5 Be5 23. f4 c4+ 24. Kh2 Bg7 25. Rxe8+ Rxe8 26. Bxc4
1/2-1/2

[Event "It"]
[Site "Miskolc HUN"]
[Date "2004.03.12"]
[Round "3"]
[White "Varga,Zo"]
[Black "Firman,N"]
[Result "1/2-1/2"]
[WhiteElo "2564"]
[BlackElo "2526"]
[EventDate "2004.03.10"]

1. e4 e6 2. d4 d5 3. exd5 exd5 4. Nf3 Bd6 5. c4 dxc4 6. Bxc4 Nf6 7. Qe2+
Qe7 8. Qxe7+ Bxe7 9. Bf4 Bd6 10. Be5 Nc6 11. O-O Be6 12. Nbd2 Bxe5 13. dxe5
Nd7 14. Rac1 O-O-O 15. Bxe6 fxe6 16. Nc4 h6 17. a3 Rhf8 18. b4 Rf4 19. Rfd1
Nb6 20. Nxb6+ axb6 21. Rxd8+ Kxd8 22. Kf1 g5 23. h3 Re4 24. Re1 Rc4 25. Re3
Ne7 26. Rd3+ Nd5 27. g3 Ke7 28. Nd2 Rc1+ 29. Ke2 c5 30. Ne4 cxb4 31. axb4
Nxb4 32. Rb3 Nd5 33. Nf6 Nxf6 34. exf6+ Kxf6 35. Rxb6 Rc7 36. Kf3 Ke5 37.
Kg4 Rf7 38. Kh5 Rxf2 39. Kxh6 Rf3 40. Rb5+ Kd4 41. g4 Rxh3+ 42. Kxg5 e5 43.
Rxb7 e4 44. Rd7+ Ke3 45. Re7 Kf3 46. Kf5 Rh8 47. g5 Rf8+ 48. Kg6 e3 49. Kh7
Rf4 50. g6 Rh4+ 51. Kg8 Rg4 52. g7 Rxg7+ 53. Kxg7 e2 54. Rxe2 Kxe2 1/2-1/2

[Event "It"]
[Site "Miskolc HUN"]
[Date "2004.03.13"]
[Round "4"]
[White "Erdos,V"]
[Black "Firman,N"]
[Result "1/2-1/2"]
[WhiteElo "2468"]
[BlackElo "2526"]
[EventDate "2004.03.10"]

1. d4 Nf6 2. c4 e6 3. Nc3 Bb4 4. Qc2 O-O 5. a3 Bxc3+ 6. Qxc3 b6 7. Bg5 Bb7
8. Nf3 d6 9. Nd2 h6 10. Bh4 Nbd7 11. e3 Rc8 12. b4 c5 13. dxc5 dxc5 14. b5
Ra8 15. Qb2 a6 16. f3 Re8 17. Be2 Nf8 18. a4 e5 19. O-O Ng6 20. Be1 a5 21.
Nb3 Qd7 22. Rd1 Qf5 23. Rd6 Re6 24. Rxe6 fxe6 25. Qc1 h5 26. Rf2 h4 27. Qd2
Qb1 28. Qd1 Qxd1 29. Bxd1 e4 30. f4 Ne7 31. Rd2 Nf5 32. Bf2 Kf7 33. g4 hxg3
34. hxg3 Ke7 35. g4 Nd6 36. Be2 Nf7 37. Bg3 Rc8 38. Rd1 g5 39. fxg5 Nxg5
40. Rd6 Nd7 41. Kg2 Nf3 42. Rd1 Rg8 43. Bd6+ Ke8 44. Bc7 Rxg4+ 45. Kf2 Rh4
46. Kg3 Rh7 47. Rxd7 Rxd7 48. Bxb6 Rg7+ 49. Kf2 Ne5 50. Nxc5 Nd3+ 51. Nxd3
exd3 52. Bxd3 Rg2+ 53. Ke1 Ra2 54. c5 Rxa4 55. c6 Bc8 56. Bg6+ Ke7 57. Bc5+
Kd8 58. Bb6+ Ke7 59. Bc5+ Kd8 60. b6 Rc4 61. b7 Bxb7 62. Bb6+ Kc8 63. cxb7+
Kxb7 64. Bxa5 Kc6 65. Kd2 Kd6 66. Bc3 Rg4 67. Bc2 Rh4 68. Kd3 Rg4 69. Bb2
Rh4 70. Ba3+ Ke5 71. Bc5 Rg4 72. Ba7 Rb4 73. Bd4+ Kd6 74. Bd1 Rb1 75. Bf3
Rf1 76. Ke4 Rb1 77. Be5+ Ke7 78. Kf4 Rg1 79. e4 Rf1 80. Bh8 Kf7 81. Bd4 Ke7
82. Bc5+ Kf6 83. Bd6 Kf7 84. Ke3 Kf6 85. Bg4 Rh1 86. e5+ Kf7 87. Bf3 Rh4
88. Be4 Ke8 89. Kf3 Kf7 90. Bd3 Rd4 91. Be4 Rc4 92. Ke3 Ra4 93. Bf3 Kg6 94.
Be4+ Kf7 95. Kf3 Rc4 96. Bd3 Ra4 97. Kg3 Rd4 98. Be2 Ke8 99. Kh3 Rxd6 100.
exd6 Kd7 101. Bg4 Kxd6 102. Bxe6 1/2-1/2

[Event "It"]
[Site "Miskolc HUN"]
[Date "2004.03.13"]
[Round "4"]
[White "Antal,Ge"]
[Black "Nevednichy,V"]
[Result "1/2-1/2"]
[WhiteElo "2498"]
[BlackElo "2548"]
[EventDate "2004.03.10"]

1. e4 c5 2. Nf3 d6 3. d4 cxd4 4. Nxd4 Nf6 5. Nc3 Nc6 6. Bg5 e6 7. Qd2 a6 8.
O-O-O Bd7 9. f4 b5 10. Bxf6 gxf6 11. Nxc6 Bxc6 12. Qe3 Qe7 13. Bd3 Qa7 14.
Qe1 Be7 15. Kb1 Qc5 16. Ne2 a5 17. Nc1 Rg8 18. g3 Qb6 19. Rf1 Kf8 20. Qd2
Ke8 21. Rfe1 Kf8 22. Re3 Kg7 23. g4 Kh8 24. Rg3 b4 25. Qe2 a4 26. Bc4 Ra5
27. Rh3 Rg7 28. Nd3 d5 29. exd5 Bxd5 30. Bxd5 Rxd5 31. Nc1 Rxd1 32. Qxd1
Qc7 33. Qf3 a3 34. Qa8+ Rg8 35. Qe4 Rg7 36. Qa8+ Rg8 37. Qe4 Rg7 38. Qa8+
1/2-1/2

[Event "It"]
[Site "Miskolc HUN"]
[Date "2004.03.13"]
[Round "4"]
[White "Balogh,C"]
[Black "Varga,Zo"]
[Result "1/2-1/2"]
[WhiteElo "2456"]
[BlackElo "2564"]
[EventDate "2004.03.10"]

1. e4 Nf6 2. e5 Nd5 3. d4 d6 4. Nf3 dxe5 5. Nxe5 c6 6. Bc4 Nd7 7. Nf3 e6 8.
O-O Be7 9. Re1 O-O 10. Bf1 b5 11. Nbd2 a5 12. Ne4 Ba6 13. a4 Qb6 14. Bg5
Bxg5 15. Nfxg5 bxa4 16. Bxa6 Rxa6 17. Qd3 Nb4 1/2-1/2

[Event "It"]
[Site "Miskolc HUN"]
[Date "2004.03.13"]
[Round "4"]
[White "Prusikin,M"]
[Black "Gyimesi,Z"]
[Result "1/2-1/2"]
[WhiteElo "2519"]
[BlackElo "2553"]
[EventDate "2004.03.10"]

1. d4 Nf6 2. c4 e6 3. g3 Bb4+ 4. Bd2 Be7 5. Bg2 d5 6. Nf3 O-O 7. O-O c6 8.
Bf4 b6 9. Nc3 Ba6 10. cxd5 cxd5 11. Rc1 Bb7 12. Nb5 a6 13. Nc7 Ra7 14. Qa4
Ne4 15. Nb5 Ra8 16. Nc3 b5 17. Qd1 Nc6 18. Ne5 1/2-1/2

[Event "It"]
[Site "Miskolc HUN"]
[Date "2004.03.15"]
[Round "5"]
[White "Varga,Zo"]
[Black "Portisch,L"]
[Result "1-0"]
[WhiteElo "2564"]
[BlackElo "2573"]
[EventDate "2004.03.10"]

1. e4 c5 2. Nf3 Nc6 3. b3 e6 4. Bb2 d6 5. d4 cxd4 6. Nxd4 Bd7 7. Nb5 Qb8 8.
Ba3 d5 9. exd5 Qe5+ 10. Be2 Bxa3 11. N1xa3 exd5 12. f4 Qxf4 13. Qxd5 Nf6
14. Qd6 Qxd6 15. Nxd6+ Ke7 16. O-O-O Rab8 17. Rhe1 Kf8 18. Bc4 Nd8 19. Nab5
a6 20. Nc7 h5 21. Rd2 Rh6 22. a4 Rg6 23. g3 Rg5 24. Nxf7 Nxf7 25. Rxd7 Nxd7
26. Ne6+ Ke7 27. Nxg5+ Nfe5 28. Be6 Kf6 29. Bxd7 Nxd7 30. Ne4+ Kg6 31. Rd1
Ne5 32. Rd6+ Kf5 33. Nc5 Nf3 34. h3 g5 35. Rb6 h4 36. gxh4 gxh4 37. Nxa6
Rh8 38. Rxb7 Ng5 39. Nb8 Nxh3 40. a5 Ng5 41. a6 Rh6 42. a7 1-0

[Event "It"]
[Site "Miskolc HUN"]
[Date "2004.03.15"]
[Round "5"]
[White "Firman,N"]
[Black "Balogh,C"]
[Result "1-0"]
[WhiteElo "2526"]
[BlackElo "2456"]
[EventDate "2004.03.10"]

1. e4 c5 2. Nf3 d6 3. d4 cxd4 4. Nxd4 Nf6 5. Nc3 Nc6 6. Bg5 e6 7. Qd2 Be7
8. O-O-O O-O 9. f4 Nxd4 10. Qxd4 Qa5 11. Kb1 h6 12. h4 Rd8 13. Qd2 Nxe4 14.
Nxe4 Qxd2 15. Rxd2 f6 16. Bd3 fxg5 17. hxg5 d5 18. Nc3 hxg5 19. fxg5 Bxg5
20. Rf2 g6 21. Bxg6 Rd7 22. Rhf1 Re7 23. Rf8+ Kg7 24. Bd3 b6 25. Nb5 Bb7
26. R8f3 Kg8 27. Nd6 Rg7 28. Bb5 a6 29. Ne8 axb5 30. Nxg7 1-0

[Event "It"]
[Site "Miskolc HUN"]
[Date "2004.03.15"]
[Round "5"]
[White "Goloshchapov,A"]
[Black "Prusikin,M"]
[Result "1/2-1/2"]
[WhiteElo "2572"]
[BlackElo "2519"]
[EventDate "2004.03.10"]

1. e4 d6 2. d4 Nf6 3. Nc3 g6 4. Nf3 Bg7 5. Be2 O-O 6. O-O Bg4 7. Ng5 Bxe2
8. Qxe2 h6 9. Nf3 e6 10. Bf4 Nc6 11. Rad1 Nd7 12. Rfe1 Kh7 13. h3 a6 14. d5
Nce5 15. Nd4 1/2-1/2

[Event "It"]
[Site "Miskolc HUN"]
[Date "2004.03.15"]
[Round "5"]
[White "Gyimesi,Z"]
[Black "Antal,Ge"]
[Result "1/2-1/2"]
[WhiteElo "2553"]
[BlackElo "2498"]
[EventDate "2004.03.10"]

1. d4 Nf6 2. c4 g6 3. Nc3 d5 4. Nf3 Bg7 5. Qb3 dxc4 6. Qxc4 O-O 7. e4 a6 8.
Be2 b5 9. Qb3 c5 10. dxc5 Bb7 11. O-O Nxe4 12. Nxe4 Bxe4 13. Bg5 Nc6 14.
Qe3 Qd5 15. Rad1 Qe6 16. Bh6 Bc2 17. Rd2 Qxe3 18. Bxe3 Bf5 19. Rfd1 Rfd8
20. Kf1 Rxd2 21. Rxd2 Rd8 22. Rxd8+ Nxd8 23. Bd4 Be4 24. Bxg7 Kxg7 25. Ke1
Kf6 26. Kd2 Ne6 27. b4 Nc7 28. a3 e5 29. Ne1 Bc6 30. f3 Ke6 31. Nc2 f5 32.
Ne3 Kf6 33. Bd1 e4 34. f4 g5 35. g3 Ne6 36. Ng2 h6 37. Ke3 Bd5 38. g4 Bc6
39. h3 Nc7 40. fxg5+ hxg5 41. gxf5 Kxf5 42. Bb3 Ke5 43. h4 Bd5 44. Bc2 Ne6
45. hxg5 Nxg5 46. Nf4 Bc6 47. Bd1 Bd7 48. Bb3 Bf5 49. Bd1 Nh7 50. Nh5 Bg6
51. Nf4 Bf5 52. Ne2 Nf6 53. Nc3 Bg4 54. Bxg4 Nxg4+ 55. Ke2 Nf6 56. Ke3 Ng4+
57. Kd2 Nf6 58. Ne2 Nd5 59. Kc2 Ne7 1/2-1/2

[Event "It"]
[Site "Miskolc HUN"]
[Date "2004.03.15"]
[Round "5"]
[White "Nevednichy,V"]
[Black "Erdos,V"]
[Result "1/2-1/2"]
[WhiteElo "2548"]
[BlackElo "2468"]
[EventDate "2004.03.10"]

1. e4 e6 2. d4 d5 3. Nc3 Nf6 4. Bg5 dxe4 5. Nxe4 Be7 6. Bxf6 gxf6 7. Nf3 a6
8. g3 Nc6 9. c3 b6 10. Bg2 Bb7 11. O-O Qd7 12. Qe2 O-O-O 13. Rad1 f5 14.
Ned2 h5 15. Nc4 Bf6 16. h4 Qe7 17. Nce5 Bxe5 18. dxe5 Qc5 19. Kh2 a5 20.
Rfe1 Rxd1 21. Rxd1 Rg8 22. Re1 f4 23. Kh3 fxg3 24. fxg3 Ne7 25. Ng5 Nf5 26.
Bxb7+ Kxb7 27. Rf1 Kb8 28. Rf3 Qd5 29. b3 Qc5 30. Kh2 Rd8 31. Nxf7 Rd5 32.
Rxf5 exf5 33. e6 Qe7 34. Kh3 Ka7 35. a4 f4 1/2-1/2

[Event "It"]
[Site "Miskolc HUN"]
[Date "2004.03.16"]
[Round "6"]
[White "Erdos,V"]
[Black "Balogh,C"]
[Result "1/2-1/2"]
[WhiteElo "2468"]
[BlackElo "2456"]
[EventDate "2004.03.10"]

1. d4 Nf6 2. c4 e6 3. Nc3 Bb4 4. Qc2 d5 5. cxd5 exd5 6. Bg5 h6 7. Bxf6 Qxf6
8. a3 Bxc3+ 9. Qxc3 O-O 10. e3 Bf5 11. Ne2 Nd7 12. Nf4 c5 13. dxc5 Qxc3+
14. bxc3 Rfc8 15. Bd3 Bxd3 16. Nxd3 Nxc5 17. Nxc5 Rxc5 18. Kd2 Rac8 19.
Rhc1 Kf8 20. Rab1 b6 21. Rb3 Ke7 22. Kc2 R8c6 23. Rd1 Rg6 24. g3 Rf6 25.
Rd2 g5 26. Rb4 Rfc6 27. Rd3 f5 28. Rbd4 Ke6 29. Kb2 g4 30. h3 h5 31. h4 Ke5
32. Kc2 Ra5 33. Kb3 Rac5 34. Kc2 a5 35. Kb2 b5 36. Kc2 Ke6 37. Kb2 Rc8 38.
Kb3 Rc4 39. Kb2 R8c5 40. Kb3 Kd6 41. Kb2 Ke6 42. Kb3 Rc8 43. Kb2 Rxd4 44.
exd4 f4 45. Rd1 fxg3 46. Re1+ Kd6 47. fxg3 Rf8 48. Re5 a4 49. Rxh5 Rf2+ 50.
Kb1 Rf3 51. Kb2 Rxg3 52. Rg5 Rg2+ 53. Kb1 Ke6 54. Re5+ Kf6 55. Rg5 g3 56.
Ka1 Rg1+ 57. Ka2 Ke6 58. Re5+ Kd6 59. Rg5 Ke6 60. Re5+ 1/2-1/2

[Event "It"]
[Site "Miskolc HUN"]
[Date "2004.03.16"]
[Round "6"]
[White "Portisch,L"]
[Black "Firman,N"]
[Result "1/2-1/2"]
[WhiteElo "2573"]
[BlackElo "2526"]
[EventDate "2004.03.10"]

1. d4 f5 2. Nf3 Nf6 3. g3 e6 4. Bg2 d5 5. c4 c6 6. O-O Bd6 7. b3 Qe7 8.
Nbd2 Nbd7 9. Bb2 Ng4 10. Rc1 O-O 11. e3 b6 12. h3 Nh6 13. Ne5 Nxe5 14. dxe5
Bc5 15. Rc2 Bb7 16. Qh5 Nf7 17. Rfc1 Rac8 18. cxd5 cxd5 19. Qe2 Ng5 20. Kh2
Ne4 21. Nf1 Qd7 22. f3 Ng5 23. h4 Nf7 24. Bd4 Ba3 25. Rxc8 Rxc8 26. Rxc8+
Qxc8 27. Qb5 Qc6 28. Qxc6 Bxc6 29. Nd2 Bb5 30. Nb1 Bb4 31. Nc3 Bd3 32. Kg1
Nd8 33. Bf1 Bxf1 34. Kxf1 Nc6 35. Nb5 a6 36. Nc7 Nxd4 37. exd4 Kf7 38. Nxa6
Bc3 39. f4 Bxd4 40. Nc7 Bc5 41. Nb5 d4 42. b4 Bxb4 43. Nxd4 Bc5 44. Nb3 Bb4
45. Nd4 Bc3 46. Nb5 Ba5 47. Ke2 Ke7 48. Nd4 Kd7 49. h5 Bb4 50. a4 g6 51.
hxg6 hxg6 52. Kf3 Be7 53. g4 Bc5 54. Nb5 Kc6 55. g5 Be7 56. Ke3 Kc5 57. Nc7
Kb4 58. Nxe6 Kxa4 59. Kd4 b5 60. Nc5+ Ka3 61. e6 Kb2 62. Na6 Kc2 63. Kd5 b4
64. Nxb4+ Bxb4 65. Kc6 Kd3 66. Kd7 Ke4 67. e7 Bxe7 68. Kxe7 Kxf4 69. Kf6
Ke4 70. Kxg6 f4 1/2-1/2

[Event "It"]
[Site "Miskolc HUN"]
[Date "2004.03.16"]
[Round "6"]
[White "Prusikin,M"]
[Black "Varga,Zo"]
[Result "1/2-1/2"]
[WhiteElo "2519"]
[BlackElo "2564"]
[EventDate "2004.03.10"]

1. d4 d5 2. c4 dxc4 3. e3 c5 4. Bxc4 cxd4 5. exd4 Qc7 6. Nd2 e6 7. Ngf3 Nf6
8. O-O Nc6 9. Qe2 Be7 10. Ne4 Nd5 11. Nc3 Nxc3 12. bxc3 O-O 13. Bd3 Qa5 14.
Bd2 Qh5 15. Rab1 a6 16. Rfe1 Bd6 17. h3 f6 18. c4 Kh8 19. c5 Bc7 20. Bc4
Nd8 21. Bb4 Re8 22. d5 Bd7 23. Nd4 Qxe2 24. Rxe2 exd5 25. Rxe8+ Bxe8 26.
Bxd5 Be5 27. Nf3 Bc6 28. Bxc6 Nxc6 29. Nxe5 Nxe5 30. Bd2 Rb8 31. Be3 Kg8
32. Rb6 Nc4 33. Rb3 Nxe3 34. Rxe3 Rc8 35. Re7 Rxc5 36. Rxb7 Rc1+ 37. Kh2
Rc2 38. a4 Rc4 39. Ra7 Rxa4 40. g4 Ra3 41. Kg2 h6 42. h4 Ra4 43. Kg3 h5 44.
gxh5 Kh7 45. Ra8 a5 46. Kh3 Rf4 47. Rxa5 Rxf2 48. Ra8 Rf1 49. Kg3 Rg1+ 50.
Kf4 Rb1 51. Kg4 1/2-1/2

[Event "It"]
[Site "Miskolc HUN"]
[Date "2004.03.16"]
[Round "6"]
[White "Nevednichy,V"]
[Black "Gyimesi,Z"]
[Result "0-1"]
[WhiteElo "2548"]
[BlackElo "2553"]
[EventDate "2004.03.10"]

1. e4 e5 2. Nf3 Nc6 3. Bc4 Bc5 4. b4 Bb6 5. a4 a6 6. c3 Nf6 7. d3 d6 8. Qb3
O-O 9. a5 Ba7 10. O-O Ne7 11. Ng5 Qe8 12. Be3 c6 13. Bxa7 Rxa7 14. d4 exd4
15. cxd4 h6 16. e5 hxg5 17. exf6 gxf6 18. Nd2 d5 19. Bd3 Ng6 20. Qc2 Nf4
21. g3 Nxd3 22. Qxd3 b5 23. axb6 Re7 24. Rfc1 Kg7 25. Nf1 Qd7 26. Qc3 Rfe8
27. Qxc6 Qh3 28. Qc3 Bg4 29. b7 Be2 30. Rc2 Rxb7 31. Rxe2 Rxe2 32. Rxa6 0-1

[Event "It"]
[Site "Miskolc HUN"]
[Date "2004.03.17"]
[Round "7"]
[White "Balogh,C"]
[Black "Portisch,L"]
[Result "1/2-1/2"]
[WhiteElo "2456"]
[BlackElo "2573"]
[EventDate "2004.03.10"]

1. e4 c5 2. Nf3 Nc6 3. d4 cxd4 4. Nxd4 Qc7 5. Nc3 e6 6. Be3 a6 7. Qd2 Nf6
8. O-O-O Bb4 9. f3 Ne5 10. Nb3 b5 11. Qe1 Be7 12. Kb1 d6 13. Qf2 Rb8 14. g4
b4 15. Ne2 a5 16. g5 Nfd7 17. Nbd4 Nc4 18. Bc1 Qc5 19. Qg1 Ndb6 20. Ng3 Bd7
21. Nh5 Rg8 22. h4 Rc8 23. Qh2 a4 24. Bxc4 Nxc4 25. f4 Kd8 26. Rhf1 1/2-1/2